|
|
|
|
| LEADER |
00000nam a2200000 4500 |
| 001 |
vtls012146203 |
| 003 |
SK-MaSNL |
| 005 |
20260301151444.0 |
| 008 |
220815s1563 gw f 000 0 ger |
| 015 |
|
|
|a SNBHFA
|
| 040 |
|
|
|a SNKHF
|b slo
|c SNKHF
|e rda
|
| 041 |
0 |
|
|a ger
|
| 043 |
|
|
|a e-gx---
|
| 044 |
|
|
|a gw
|c DE
|
| 072 |
|
7 |
|a 27-9
|x Dejiny kresťanskej cirkvi
|2 konspekt
|
| 080 |
|
|
|a 27-9
|2 2011
|
| 080 |
|
|
|a (430)
|2 2011
|
| 080 |
|
|
|a 94
|2 2011
|
| 100 |
1 |
|
|a Beuther, Michael,
|d 1522-1587
|4 aut
|4 dto
|9 172536
|
| 245 |
1 |
0 |
|a Ordenliche Verzaichniß allerley sachen vnd hảndel
|b so sich in vnd aufferhald des Heyligen Rỏmischen Reichs Teutscher Nation/ vom Tausent Fủnff hundert fủnff vnnd fủnfftzigsten jar/ biß auff die zeit/ als Keyser Carl der fủnfft die Keyserliche Hoheyt den Churfủrsten des Reichs/ durch seine stattliche Bottschaffte/ zu Franckfurt am Mayn vbergeben lassen/ verlauffen vnnd zugetragen haben
|c Durch Michaelen Beuther von Carlstatt/ der Rechten Doctorn beschriben. Mit Rỏmischer Keyserlicher Maiestat Priuilegio vnd Freiheyt nicht nach zutrucken
|
| 264 |
|
3 |
|a [Frankfurt/Main]
|b [Rab, Georg starší - Feyerabend, Sigmund - Han, Weigand - dedičia]
|c [1563]
|
| 300 |
|
|
|a 6 nečíslovaných listov, XXIJ listov
|c 2°
|
| 336 |
|
|
|a text
|b txt
|2 rdacontent
|
| 337 |
|
|
|a bez média
|b n
|2 rdamedia
|
| 338 |
|
|
|a zväzok
|b nc
|2 rdacarrier
|
| 500 |
|
|
|a Vinety, ornamentálne iniciálky bez pozadia na 14 riadkov
|
| 501 |
|
|
|a Príväzok 1. k: SLEIDAN, Johann. [Warhaftige Beschreibunge aller Hảndel]. [Frankfurt/Main]: [Rab, Georg starší - Feyerabend, Sigmund - Han, Weigand - dedičia], 1563.
|5 SNK IB 28315
|
| 504 |
|
|
|a Marginálie, kustody
|
| 508 |
|
|
|a Dedikácia: Beuther, Michael; Philipp III. - gróf z Hanau-Münzenberg
|
| 510 |
4 |
|
|a VD 16
|c S/6701
|
| 546 |
|
|
|a Nemčina
|b Fraktúra
|
| 550 |
|
|
|a Impresum doplnené z VD 16
|
| 562 |
|
|
|a Defekt: chýba koniec knihy.
|5 SNK IB 28315/prív.1
|
| 650 |
0 |
7 |
|a cirkevné dejiny
|2 SNKPH
|9 3909
|
| 651 |
|
7 |
|a Nemecko
|x dejiny
|2 SNKPH
|9 27870
|
| 700 |
1 |
|
|a Rab, Georg,
|c starší,
|d zomrel 1580
|4 prt
|9 129945
|
| 700 |
1 |
|
|a Feyerabend, Sigmund,
|d 1528-1590
|4 prt
|9 158368
|
| 700 |
1 |
|
|a Han, Weigand,
|c dedičia,
|d 16. storočie
|4 prt
|9 184268
|
| 700 |
0 |
|
|a Philipp
|b III.,
|c gróf z Hanau-Münzenberg,
|d 1526-1561
|4 hnr
|9 510184
|
| 710 |
2 |
|
|a Rab, Georg starší - Feyerabend, Sigmund - Han, Weigand - dedičia (Frankfurt nad Mohanom, Nemecko)
|4 prt
|9 348676
|
| 752 |
|
|
|a Nemecko
|d Frankfurt nad Mohanom
|
| 852 |
|
|
|a snk
|p IB 28315/prív.1
|
| 958 |
|
|
|a DA
|
| 958 |
|
|
|a ONDV
|
| 999 |
|
|
|c 786641
|d 788571
|
| 952 |
|
|
|t Tlače 16. storočia
|a SNK
|b SNK
|c SNK_HF
|y PREZ
|7 0
|p 17A1399778
|o snkIB 28315/prív.1
|i snkF 176/73
|z 1. príväzok
|0 0
|1 0
|4 0
|d 2022-08-15
|l 0
|r 2026-02-24 01:23:10
|w 2026-02-24
|